000 00752nam a22002417a 4500
005 20170124110257.0
010 _aA-588355
020 _a8185470235
035 _aA-588355
037 _bCen Lib/Ret
040 _aDPL
_bEN
082 _a346.052
_bSAN
245 _aSanjiva Row's Indian succession act /
_bby R. C. Chaturvedi
250 _a6th ed
260 _aAllahabad
_bThe Law Book Co.
_c1993
270 _aSardar Patel Marg Post Box No 1
_bAllahabad
_e211001
300 _a999p.
_c25cm(hb)
500 _aIncludes index
650 _aIndia. -- Indian Succession Act, 1925.
_9142220
650 _aInheritance and succession -- India.
_939502
700 _aChaturvedi, R. G.
_9138891
942 _2ddc
_cEN
_h346.052
_mSAN
999 _c136277
_d136277